Normal view
MARC view
Entry Personal Name
001 - CONTROL NUMBER
- control field: 914
003 - CONTROL NUMBER IDENTIFIER
- control field: BD-RjUL
005 - DATE AND TIME OF LATEST TRANSACTION
- control field: 20220126122939.0
008 - FIXED-LENGTH DATA ELEMENTS
- fixed length control field: 220126|| aca||aabn | a|a d
040 ## - CATALOGING SOURCE
- Original cataloging agency: BD-RjUL
- Transcribing agency: BD-RjUL
100 ## - HEADING--PERSONAL NAME
- Personal name: عبد الله بن العباس.;;ʿAbd Allāh ibn al-ʿAbbās,
- Dates associated with a name: -688?
- Title of a work: تفسير.;;Tafsīr
670 ## - SOURCE DATA FOUND
- Source citation: Work cat.: (BD-RjUL)79258: فيروزابادي، محمد بن يعقوب. ;; Fīrūzābādī, Muḥammad ibn Yaʿqūb, 1329-1414 or 1415. 913, تنوير المقباس من تفسير إبن عباس.;; Tanwīr al-miqbās min tafsīr Ibn ʿAbbās./, 2000.